Tumors of the ovary, maldeveloped gonads fallopian tube and broad ligament / (Registro nro. 25814)
[ vista simple ]
| 000 -LEADER | |
|---|---|
| fixed length control field | 01430nam a2200373 a 4500 |
| 001 - CONTROL NUMBER | |
| control field | 25814 |
| 003 - CONTROL NUMBER IDENTIFIER | |
| control field | Mx-PuUPA |
| 005 - DATE AND TIME OF LATEST TRANSACTION | |
| control field | 20250328152402.0 |
| 008 - FIXED-LENGTH DATA ELEMENTS--GENERAL INFORMATION | |
| fixed length control field | 140415s1998 dcuao fr 001 0 eng d |
| 020 ## - INTERNATIONAL STANDARD BOOK NUMBER | |
| International Standard Book Number | 1881041433 |
| 022 ## - INTERNATIONAL STANDARD SERIAL NUMBER | |
| International Standard Serial Number | 0160-6344 |
| 040 ## - CATALOGING SOURCE | |
| Transcribing agency | Mx-PuUPA |
| Original cataloging agency | Mx-PuUPA |
| Language of cataloging | spa |
| Modifying agency | Mx-PuUPA |
| Description conventions | rda |
| 041 0# - LANGUAGE CODE | |
| Language code of text/sound track or separate title | eng |
| 100 1# - MAIN ENTRY--PERSONAL NAME | |
| Personal name | Scully, Robert E., |
| Fuller form of name | (Robert Edward), |
| Dates associated with a name | 1921- |
| Relator term | autor |
| 9 (RLIN) | 16836 |
| 245 10 - TITLE STATEMENT | |
| Title | Tumors of the ovary, maldeveloped gonads fallopian tube and broad ligament / |
| Remainder of title | by Robert E. Scully, Robert H. Young, Philip B. Clement ; Juan Rosai, editor |
| 264 #1 - PRODUCTION, PUBLICATION, DISTRIBUTION, MANUFACTURE, AND COPYRIGHT NOTICE | |
| Place of production, publication, distribution, manufacture | Washington, D.C. : |
| Name of producer, publisher, distributor, manufacturer | Armed Forces Institute of Pathology, |
| Date of production, publication, distribution, manufacture, or copyright notice | [1998?] |
| 300 ## - PHYSICAL DESCRIPTION | |
| Extent | 527 páginas : |
| Other physical details | ilustraciones, fotografías ; |
| Dimensions | 27 cm |
| 336 ## - CONTENT TYPE | |
| Fuente | rdacontent |
| Content type term | texto |
| Content type code | txt |
| 336 ## - CONTENT TYPE | |
| Content type term | imagen fija |
| Content type code | sti |
| Fuente | rda content |
| 337 ## - MEDIA TYPE | |
| Source | rdamedia |
| Media type term | sin medio |
| Media type code | n |
| 338 ## - CARRIER TYPE | |
| Source | rdacarrier |
| Carrier type term | volumen |
| Carrier type code | nc |
| 490 0# - SERIES STATEMENT | |
| Series statement | Atlas of Tumor Pathology, |
| -- | Third series ; |
| Volume/sequential designation | 23 |
| 650 #7 - SUBJECT ADDED ENTRY--TOPICAL TERM | |
| Source of heading or term | armarc |
| Topical term or geographic name entry element | Tumores |
| General subdivision | Ovarios |
| 650 #7 - SUBJECT ADDED ENTRY--TOPICAL TERM | |
| Source of heading or term | armarc |
| Topical term or geographic name entry element | Aparato genital femenino |
| General subdivision | Tumores |
| 650 #7 - SUBJECT ADDED ENTRY--TOPICAL TERM | |
| Source of heading or term | armarc |
| Topical term or geographic name entry element | Aparato genital femenino |
| General subdivision | Anormalidades |
| 650 #7 - SUBJECT ADDED ENTRY--TOPICAL TERM | |
| Source of heading or term | armarc |
| Topical term or geographic name entry element | Aparato genital femenino |
| General subdivision | Tumores |
| Form subdivision | Atlas |
| 700 1# - ADDED ENTRY--PERSONAL NAME | |
| Personal name | Young, Robert H. |
| Relator term | autor |
| 700 1# - ADDED ENTRY--PERSONAL NAME | |
| Personal name | Clement, Philip B., |
| Relator term | autor |
| 700 1# - ADDED ENTRY--PERSONAL NAME | |
| Personal name | Rosai, Juan, |
| Relator term | editor |
| 942 ## - ADDED ENTRY ELEMENTS (KOHA) | |
| Source of classification or shelving scheme | Dewey Decimal Classification |
| Koha item type | Libro |
| Classification part | 619.99465 |
| Item part | S43 |
| Withdrawn status | Lost status | Source of classification or shelving scheme | Damaged status | Not for loan | Collection code | Home library | Current library | Shelving location | Date acquired | Source of acquisition | Cost, normal purchase price | Total Checkouts | Full call number | Barcode | Date last seen | Cost, replacement price | Price effective from | Koha item type |
|---|---|---|---|---|---|---|---|---|---|---|---|---|---|---|---|---|---|---|
| Dewey Decimal Classification | General | Biblioteca Karol Wojtyla | Biblioteca Karol Wojtyla | Sala general | 03/12/2013 | Donación | 0.00 | 616.99465 S43 1998 | 48050 | 23/03/2026 | 0.00 | 03/12/2013 | Libro |